| 000 | 00441nam a22001697a 4500 | ||
|---|---|---|---|
| 003 | CEME | ||
| 005 | 20210628202445.0 | ||
| 008 | 210315b xxu||||| |||| 00| 0 eng d | ||
| 020 | _a0-444-81556-2 | ||
| 040 | _c. | ||
| 082 | _a548.5 HAN'H | ||
| 100 |
_aHurle, D.T.J _959985 |
||
| 245 | _aHandbook of crystal growth 3 thin film and epitaxy part a: basic theory | ||
| 260 |
_aNEWYORK _bELSEVIER _c1994 |
||
| 300 | _a456P | ||
| 942 |
_cBK _2ddc |
||
| 999 |
_c569834 _d569834 |
||